000 01359nam a2200325 a 4500
001 000000235
003 DO-SdBNP
005 20240304093932.0
007 000000235
008 020906s2008 dr a b 000 0bspa d
020 _a999341011X
020 _a9789993410119
040 _aBPMSU
_bspa
_cBPMSU
082 4 _a923.77295
_bH831C, 2008
_222
100 1 _aCassá, Roberto,
_d1948-
245 1 0 _aEugenio María de Hostos :
_bel maestro /
_cRoberto Cassá ;ilustración Ramiro Manzano
250 _a2a ed.
260 _aSanto Domingo :
_bTobogán,
_c2008.
300 _a45 p. :
_bil. ;
_c21 cm.
490 0 _aBiografías dominicanas
504 _aBibliografía : p. 45
505 0 _tFormación en España y afirmación de lo americano --
_tLa confederación de las Antillas --
_tLa misión educativa --
_tMirada a la historia dominicana --
_tHasta mañana --
_tÚltimo destello.
590 _aInventariado, 2024/VM
600 1 0 _aHostos y Bonilla, Eugenio Mraría de,
_d1839-1903
650 4 _aMaestros
_xBiografías
650 4 _aIntelectuales
_zPuerto Rico
700 1 _4Manzano, Ramiro
_eil.
910 _aVMateo V. / Validado. Control de calidad MFF
942 _2ddc
_cBK
999 _c7211
_d7211